Germany’s Next Topmodel (GNTM) - Staffel 18 - Top 20 Kanditatinnen - Statistiken

Allgemein
  • Dieses Quiz wurde 60 mal gespielt
  • Das Durchschnittsergebnis liegt bei 10 aus 20
Antwortstatistiken
Alter Name % Korrekt
44 Ina Aufenberg
75%
18 Selma May
70%
22 Vivien Blotzki
68%
24 Frideriki "Ida" Kulis
66%
23 Anna Celina „Cassy“ Cassau
63%
21 Coco Clever
57%
22 Olivia Therese
57%
21 Somajia Ali
55%
49 Nicole Reitbauer
54%
22 Nina Kablitz
50%
19 Anya Elsner
46%
20 Katherine Markov
43%
53 Marielena Aponte
41%
24 Anna-Maria Fuhrmann
39%
23 Maike Nitsch
39%
20 Mirella Janev
39%
18 Lara Rollhaus
34%
21 Leona Kastrati
32%
50 Zuzel Calunga
23%
52 Charlene Christian
16%
Keine übereinstimmenden Quizze gefunden
Verteilung der Resultate
Anzahl Personen mit jedem Resultat
Perzentil nach korrekt beantworteten Fragen
Ihre Resultats-Entwicklung
Sie haben dieses Quiz noch nicht gespielt